00937nam a2200253 a 450000100100000000500170001000800410002704000250006804100380009308200180013110000320014924000370018124501450021826000570036330000340042049000110045453400530046550400410051850000420055965000200060165000230062170000280064483000110067200002462920200930023258.0110201s1969 ve a r 000 0 spa d aDO-SdBNPbgercBNPHU17aspaheng2Código de idioma MARC a834.91bS449m1 aSedlmayr, Hans,d1896-1984.10aDer Tod des Lichtes.lEspañol.10aLa muerte de la lúz :bperspectivas generales sobre el arte moderno, ensayos /cHans Sedlmayr ; versión castellana de Miguel Mascialino. aCaracas, Venezuela :bMonte Ávila Editores,c1969. a250, [10] p. :bil. ;c20 cm.1 aPrisma aTítulo original alemán:tDer Tod des Lichtes aIncluye referencias bibliográficas aIncluye notas al pie de las páginas 4aEnsayo alemán 4aLiteratura alemana1 aMascialino, Migueletr. 0aPrisma